000
00296cam a22001217a 4500
008
180718b1961 xxu||||| |||| 00| 0 eng d
082
_a
A383 L146
100
_a
Lait, Robert
245
_a
The Africans
_c
by Robert Lait
260
_a
London
_b
Anthony Gibbs
_c
1961
300
_a
189p.
500
_a
15/-
999
_c
370065
_d
370065